Collins : world atlas

Bibliographic Details
Format: Book
Published: London : Collins , 2010
Subjects:

MARC

LEADER 00000cam a2200000 7i4500
001 0000161576
005 20120402.0
020 |a 9780007347186 
090 0 0 |a 912   |b COL 
245 1 0 |a Collins :   |b world atlas 
260 |a London :   |b Collins ,   |c 2010 
300 |a 312p. ;   |c 32cm. 
650 0 0 |a Atlases   |z British 
650 0 0 |a World maps 
740 0 |a World atlas 
999 |a 00257217   |b BUKU   |c RUJUKAN   |e PERPUSTAKAAN KOMUNITI PETALING JAYA